000 00830nam a22002655i 4500
001 12306
003 ES-MaACL
005 20250701212923.0
007 t|
008 960318s1995 sp ||||0| spa j
020 _a84-7923-042-8
040 _aM-BN
_bspa
_cM-BN
080 _a1 Molina, Luis de (1535-1600)
100 1 _aOcaña García, Marcelino.
_986459
245 1 0 _aLuis de Molina (1535-1600) /
_cMarcelino Ocaña García.
250 _a1ª ed.
260 _aMadrid :
_bEdiciones del Orto,
_c1995.
300 _a94 p ;
_c17 cm.
490 1 _aBiblioteca filosófica
504 _aBibliografía: p. [90]-94.
600 0 4 _aMolina, Luis de,
_d1535-1600-
_xCrítica e interpretación
_981896
830 0 0 _aBiblioteca filosófica
_9179275
852 _aES-MaACL
_jL-19545
_bR.124332
999 _c12306
_d12306